000
00316nam a2200133Ia 4500
008
190216s9999||||xx |||||||||||||| ||und||
100
_a
Brijilal And Subrahmanyam N
245
0
_a
Heat And Thermodynamics
250
_a
11st Ed.
260
_b
S. Chand & Co
_c
1985
300
_a
487
650
_a
Physics
942
_c
BK
999
_c
33038
_d
33038